| 000 | 01798nam a2200301 i 4500 | ||
|---|---|---|---|
| 003 | vecauma | ||
| 005 | 20260410201910.0 | ||
| 007 | ta | ||
| 008 | 260410s2002 ve |||||r|||| 00| 0 spa d | ||
| 040 |
_avecauma _bspa _cvecauma _dvecauma _erda |
||
| 041 | 0 | _aspa | |
| 099 | _fFOLLETO 0404 | ||
| 245 | 0 | 0 |
_aPara conocer a Reynaldo Hahn _c/ investigación y redacción, Teresa Alvarenga. |
| 264 | 1 |
_aCaracas, Venezuela : _bFundación Teresa Carreño : _bCentro de Documentación e Investigación, Trayectodanza, _c2002. |
|
| 300 | _a53 páginas. | ||
| 336 |
_atexto _btxt _2rdacontenido |
||
| 337 |
_ano mediado _bn _2rdamedio |
||
| 338 |
_avolumen _bnc _2rdasoporte |
||
| 490 | 0 |
_aCuadernos de difusión del TTC _v1 |
|
| 504 | _aIncluye referencias bibliográficas (páginas 51-53) | ||
| 520 | 3 | _aReynaldo Hahn es uno de los más reconocidos músicos de finales del siglo XIX y comienzo del siglo XX en Europa. Caraqueño de nacimiento, obtuvo notoriedad en Francia, su país de adopción. A lo largo de estas páginas se recorre el momento de su vida familiar, su mundo de relaciones con famosos artistas como Marcel Proust y Sara Bernhardt y sus conquistas profesionales hasta llegar a ser no solo un exitoso compositor de óperas, ballets, operetas, canciones, música de camara y sinfónica, sino también un brillante conferencista y agudo crítico musical. Una síntesis de sus vivencias, sus libros y su pensamiento es presentada aquí para que las nuevas generaciones y el público general se suman a quienes admiran con razón a este polifacético creador. | |
| 600 | 1 | 0 |
_913136 _aHahn, Reynaldo, _d1875-1947 |
| 651 | 0 |
_98986 _aVENEZUELA _xBIOGRAFIAS |
|
| 655 | 0 |
_912450 _aBIOGRAFIAS |
|
| 700 | 1 |
_913986 _aAlvarenga, Teresa _eautor |
|
| 942 | 1 |
_2lcc _n0 _cFOL |
|
| 999 |
_c13353 _d13353 |
||